000 00329 a2200157 4500
001 50446
020 _a
040 _cAnchieta - Bela Vista
100 _aGouveia, Luis Augusto
240 1 0 _aSonhos de Ícaro
_l
245 1 0 _aSonhos de Ícaro
300 _a31
362 0 _a2001
650 4 _aLiteratura juvenil
942 _cBK
999 _c50446
_d50446